Дело по просьбе пастора Ланге о передаче на рассмотрение Академии наук представленного им рассуждения его на немецком языке

Доступно только в Электронных читальных залах Найти на картеНа карте
RUSMARC
00003765nmc2a22002533x 450
001aaa3fcc9-597f-4e51-9aa4-bd62928cf6d9
00520251023201337.0
100##$a20250505l18481852k l0rusy0189 ca
1010#$arus
$ager
102##$aRU
105##$ay###
1222#$ad
2001#$aДело по просьбе пастора Ланге о передаче на рассмотрение Академии наук представленного им рассуждения его на немецком языке
$j27 декабря 1848 г. - 23 февраля 1852 г.
215##$a19 л.
$d36,5х26 см
251##$cДело
300##$aНа русском и немецком языках
300##$aНа обложке указано: "№69"
371##$aДокумент не является опубликованным и широко распространяемым
461#0$10012b5b8419-5ce4-4d16-a7a3-85720a295f1f
$12001
$aКанцелярия министра народного просвещения
$1251
$cФонд
$1852
$j735
462#0$1001562cc287-b13c-4f02-8029-f81535ba1e2e
$12001
$aКанцелярия министра народного просвещения
$1251
$cОпись
$1852
$j2
801#0$aRU
$bРГИА
$c20250505
$gRCR
801#1$aRU
$bГлавНИВЦ
$c20250505
$2rusmarc
801#2$aRU
$bПБ им. Б.Н. Ельцина
$c20251023
$gRCR
$2rusmarc
850##$aРГИА
852##$aРГИА
$eФедеральное казенное учреждение "Российский государственный исторический архив" (РГИА)
$j720
937##$hРГИА
$d12421639
$aASBIBLIO_SCAN
035##$aRusGRCC00085709
856##$uhttp://readingroom.main.prlib.ru/item.aspx?id_node=n198642968&mode=full
Формат отображения